| 000 | 01004nmc a2200397 a 4500 | ||
|---|---|---|---|
| 003 | AR-BaBNM | ||
| 005 | 20251128204803.0 | ||
| 008 | 285119s1978 ||||||||||||||000 | spa|| | ||
| 020 | _a968-16-0020-7 | ||
| 040 | _cAR-BaBNM | ||
| 100 | 1 | _aSerrano Poncela, S. | |
| 245 | 1 | 0 | _aEl pensamiento de Unamuno |
| 250 | _a1ª ed. | ||
| 260 |
_aMéxico, D.F. _bFondo de Cultura Económica _c1978 |
||
| 300 | 0 | _a265 p. | |
| 490 | 0 |
_aBreviarios _vv. 76 |
|
| 600 | 1 | 4 | _aJames, William |
| 600 | 1 | 4 | _aKierkegaard, SOren |
| 600 | 1 | 4 | _aCalderon de la Barca, Pedro |
| 600 | 1 | 4 | _aUnamuno, Miguel de |
| 650 | 4 | _aPENSAMIENTO | |
| 650 | 4 | _aLITERATURA ESPANOLA | |
| 650 | 4 | _aCONOCIMIENTO | |
| 650 | 4 | _aRACIONALISMO | |
| 650 | 4 | _aDIOS | |
| 650 | 4 | _aRELIGION | |
| 650 | 4 | _aCRISTIANISMO | |
| 650 | 4 | _aONTOLOGIA | |
| 650 | 4 | _aNATURALEZA HUMANA | |
| 650 | 4 | _aFILOSOFIA DEL ESPIRITU | |
| 651 | 4 | _aEspaña | |
| 653 | 0 | _aGENERACION DE 1898 | |
| 655 | _aLITERATURA | ||
| 942 | _cBK | ||
| 998 | _cGLORIA | ||
| 999 |
_c8824 _d8824 |
||